00410nam a2200121Ia 4500008004100000245014700041260001700188260000900205300000900214650002300223650001200246856003000258170516s9999 xx 000 0 und d aSimple, Sensitive and Accurate Multiplex Detection of Clinically Important Melanoma DNA Mutations in Circulating Tumour DNA with SERS Nanotags bTheranostics c2016 a6:10 xMedical Technology xMedtech uhttp://www.thno.org/v6i10